000 00936nam a2200241 i 4500
001 82264
003 ES-MaACL
005 20250815115930.0
007 t|
008 041214s2002 sp ||||1| spa d
020 _a84-95170-30-2
080 _a75-041.5(086)
245 0 4 _aLos mejores retratos [
_hRecurso electrónico].
260 _aMadrid :
_bDolmen,
_c[2002]
300 _a1 disco compacto (CD-ROM) :
_bson., col. ;
_c12 cm.
490 1 _aObras maestras ;
_v1. Pintura
500 _aRequisitos mínimos: PC Pentium II a 200 Mhz; 32 Mb. de RAM; Tarjeta gráfica de 4 Mb. (1024x768,16 bits) y monitor 1024 x 768; CD-Rom 16x o superiores; Tarjeta de sonido; Funciona con sistema Operativo Windows 95 o posterior.
650 1 4 _aRetratos-
_vCD-ROM.
_916890
650 7 _aDibujo del cuerpo humano
_2embne
_911867
830 0 _aObras maestras ;
_v1. Pintura
_9181001
852 _aES-MaACL
_jROT 1/1/1
999 _c82264
_d82264